| 000 | 00499nam a2200193Ia 4500 | ||
|---|---|---|---|
| 003 | GCL | ||
| 008 | 140319s9999 xx 000 0 ara d | ||
| 040 |
_aGCL / _cGCL |
||
| 082 | 0 | 4 |
_a810.9 _bا ط |
| 100 | 1 | _aاحمد علبى | |
| 245 | 1 | 0 |
_aطه حسين رجل وفكر وعصر / _cاحمد علبى |
| 300 | _a592 ص | ||
| 490 |
_aكتاب _v0 |
||
| 650 | 0 | 4 | _aالادب العربى |
| 650 | 0 | 4 | _aالتراجم |
| 650 | 0 | 4 | _aالثقافة |
| 650 | 0 | 4 | _aطه حسين |
| 942 |
_2ddc _cBK |
||
| 999 |
_c42488 _d42488 |
||